| 000 | 00721nas a2200229 4500 | ||
|---|---|---|---|
| 001 | BR9103011 | ||
| 003 | BR-BrBNA | ||
| 005 | 20231205092038.0 | ||
| 007 | ta | ||
| 008 | 230509b bl.|||p| |||| 00| 00por d | ||
| 040 |
_aBR-BrBNA _bpor _cBiblioteca Nacional de Agricultura |
||
| 041 | _a(Pt) | ||
| 072 | _aL73 | ||
| 100 | 1 | _aCastro, A.F.P. de | |
| 245 | 1 | _aMecanismos de virulencia em amostras de Escherichia coli de origem suina [suino, colibacilose] | |
| 650 | _aSUÍNO | ||
| 650 | _aBACTERIA | ||
| 650 | _aCOLIBACILOSE | ||
| 773 | 0 |
_tAvicultura e Suinocultura Industrial (Brazil) _xISSN 0100-5804 _g(Jun 1989), v. 79(953) p. 66-69 _wBR9103011 |
|
| 909 |
_a202311 _bLúcia _c55 _dLúcia Elande |
||
| 942 |
_2AGRIS _n0 _cANA |
||
| 999 |
_c128904 _d128904 |
||